| 000 | 00481nam a2200157 i 4500 | ||
|---|---|---|---|
| 001 | 43036 | ||
| 003 | ES-MaACL | ||
| 007 | t| | ||
| 008 | 030314s1969 ag ||||1| spa d | ||
| 100 | 1 |
_aCastro, Josué de. _936869 |
|
| 245 | 1 | 3 |
_aEl hambre problema universal / _cJosué de Castro ; [traducción de R.A.N. Laporte]. |
| 260 |
_aBuenos Aires : _bLa Pleyade, _c[1969] |
||
| 300 |
_a141 p. ; _c21 cm. |
||
| 700 | 1 |
_aLaporte, Rubén A. N. _970174 |
|
| 852 |
_aES-MaACL _jE-9051 _bR.93266 |
||
| 999 |
_c43036 _d43036 |
||